000 00703nam a22002777a 4500
001 BR2010004849
003 BR-BrBNA
005 20230928103401.0
007 ta
008 230509b bl.||||| |||| 00| 0 por d
040 _aBR-BrBNA
_bpor
_cBiblioteca Nacional de Agricultura
041 _a(Eng, Por)
072 _aB50
_b9320
_b8961
090 _ 9320 BR2010004849
100 1 _aOmetto Neto, H.
245 1 _aUsina São João; 60 doces anos
260 3 _aAraras, SP (Brasil):
_c[nd].
300 _a143 p.
650 _aAÇÚCAR
650 _aÁLCOOL
650 _aUSINA AÇÚCAREIRA
650 _aHISTÓRIA
650 _aPRODUÇÃO
909 _a202309
_bLucia
_c55
_dLucia Elande
942 _cBK
999 _c74884
_d74884